000 00565nam a2200217Ia 4500
003 OSt
005 20220928140511.0
006 a|||||r|||| 00| 0
007 ta
008 220927b |||||||| |||| 00| 0 eng d
024 _a8994
037 _cTextual
040 _aSDCL
_cSDCL
_beng
041 _2eng
_aeng
082 _aD6,8(B),2772, N4
100 _aMorris Larry Au.
_9495545
245 0 _aNew riders' guide to e-mail and messaging
260 _c1994
942 _hD6,8(B),2772, N4
_cTEXL
_2CC
999 _c811757
_d811757